[Event "Bundesliga 0506"]
[Site "Germany"]
[Date "2005.10.23"]
[Round "2.5"]
[White "Wintzer, Joachim"]
[Black "Carmeille, Ludovic"]
[Result "1-0"]
[WhiteElo "2324"]
[BlackElo "2329"]
[PlyCount "107"]
[EventDate "2005.10.21"]
[EventType "team-tourn"]
[EventRounds "15"]
[EventCountry "GER"]
[SourceTitle "CBM 110"]
[Source "ChessBase"]
[SourceDate "2006.01.31"]
[SourceVersion "1"]
[SourceVersionDate "2006.01.31"]
[SourceQuality "1"]
[WhiteTeam "Kirchheim"]
[BlackTeam "Zehlendorf"]
[WhiteTeamCountry "GER"]
[BlackTeamCountry "GER"]

1. c4 c6 2. Nc3 d5 3. e3 Nf6 4. Nf3 a6 5. d4 b5 6. c5 g6 7. Bd2 Bg7 8. b4 Bg4 9. h3 Bxf3 10. gxf3 Nbd7 11. f4 e6 12. a4 0-0 13. Bd3 Ne8 14. Qg4 Bf6 15. 0-0 Ng7 16. Ra2 Nf5 17. Rfa1 Rc8 18. axb5 axb5 19. Ra5 Bg7 20. Kh1 Nf6 21. Qd1 Nh5 22. Qg4 Nf6 23. Qd1 Nh5 24. Qg4 Nh6 25. Qf3 f6 26. Rg1 Qe8 27. Qg2 e5 28. Be2 exd4 29. Nxd5 dxe3 30. fxe3 Qf7 31. Bxh5 gxh5 32. Nc3 Rc7 33. Ne4 Nf5 34. Nd6 Qe6 35. Nxf5 Qxf5 36. e4 Qc8 37. Ra3 Kh8 38. Rd3 Bh6 39. Qf3 Rg8 40. Bc3 Rf7 41. Rxg8+ Kxg8 42. Rd6 Bf8 43. Rxf6 Rxf6 44. Bxf6 Qe6 45. Bc3 Qb3 46. f5 Bg7 47. e5 Qc2 48. f6 Qc1+ 49. Kg2 Bh6 50. Bd4 Qd2+ 51. Bf2 Kf7 52. Qxc6 Be3 53. e6+ Kg6 54. Qe4+ 1-0

[Event "Figueres op 06th"]
[Site "Figueres"]
[Date "2005.??.??"]
[Round "3"]
[White "Carmeille, Ludovic"]
[Black "Lazaro Porta, Angel"]
[Result "1-0"]
[WhiteElo "2333"]
[BlackElo "2112"]
[PlyCount "55"]
[EventDate "2005.08.07"]
[EventType "swiss"]
[EventRounds "9"]
[EventCountry "ESP"]
[SourceTitle "EXT 2022"]
[Source "ChessBase"]
[SourceDate "2021.10.06"]
[SourceVersion "1"]
[SourceVersionDate "2021.10.06"]
[SourceQuality "1"]

1. e4 c5 2. Nf3 e6 3. d4 cxd4 4. Nxd4 a6 5. Bd3 Qc7 6. 0-0 Nc6 7. Nxc6 bxc6 8. c4 Nf6 9. Nc3 Be7 10. f4 d6 11. Qe2 e5 12. Kh1 0-0 13. f5 Bb7 14. g4 d5 15. g5 Nxe4 16. Bxe4 dxe4 17. f6 Bb4 18. fxg7 Kxg7 19. Be3 Bxc3 20. bxc3 c5 21. Rf6 Rad8 22. Raf1 Rd3 23. Qh5 Rxe3 24. Qh6+ Kg8 25. g6 Rh3 26. gxh7+ Kh8 27. Qxf8+ Kxh7 28. Rxf7+ 1-0

[Event "Montpellier op"]
[Site "Montpellier"]
[Date "2004.07.07"]
[Round "3"]
[White "Carmeille, Ludovic"]
[Black "Prie, Eric"]
[Result "1/2-1/2"]
[WhiteElo "2232"]
[BlackElo "2441"]
[PlyCount "76"]
[EventDate "2004.07.05"]
[EventType "swiss"]
[EventRounds "9"]
[EventCountry "FRA"]
[SourceTitle "CBM 101 Extra"]
[Source "ChessBase"]
[SourceDate "2004.09.01"]
[SourceVersion "2"]
[SourceVersionDate "2004.09.01"]
[SourceQuality "1"]

1. e4 d5 2. exd5 Qxd5 3. Nc3 Qa5 4. d4 Nf6 5. Nf3 Bf5 6. Bc4 c6 7. Bd2 e6 8. Nd5 Qd8 9. Nxf6+ Qxf6 10. Qe2 Bg4 11. d5 Bxf3 12. gxf3 cxd5 13. Bxd5 Nd7 14. 0-0-0 0-0-0 15. Be4 Qe5 16. f4 Qc7 17. f5 exf5 18. Bxf5 g6 19. Bxd7+ Rxd7 20. Bc3 Bh6+ 21. Kb1 Rxd1+ 22. Rxd1 Rd8 23. Rxd8+ Qxd8 24. a4 Kb8 25. Qe5+ Ka8 26. a5 a6 27. Bd4 Bf8 28. Bb6 Qe7 29. Qc3 Kb8 30. Be3 Qd8 31. b3 Bd6 32. Qd4 Kc8 33. Qc3+ Kd7 34. Bb6 Qe7 35. Qf3 Ke8 36. Qc3 Kd7 37. Qf3 Ke8 38. Qc3 Kd7 1/2-1/2

[Event "FRA-chT2 0304a"]
[Site "France"]
[Date "2004.04.04"]
[Round "11.5"]
[White "Carmeille, Ludovic"]
[Black "Djalal, Boris"]
[Result "1-0"]
[WhiteElo "2114"]
[BlackElo "2221"]
[PlyCount "53"]
[EventDate "2003.10.??"]
[EventType "team"]
[EventRounds "11"]
[EventCountry "FRA"]
[SourceTitle "EXT 2005"]
[Source "ChessBase"]
[SourceDate "2004.11.15"]
[SourceVersion "1"]
[SourceVersionDate "2004.11.15"]
[SourceQuality "1"]
[WhiteTeam "Toulouse"]
[BlackTeam "Nice Alekhine"]
[WhiteTeamCountry "FRA"]
[BlackTeamCountry "FRA"]

1. e4 c5 2. Nf3 d6 3. d4 cxd4 4. Nxd4 Nf6 5. Nc3 a6 6. Bg5 e6 7. f4 Qc7 8. Qf3 Nbd7 9. 0-0-0 b5 10. e5 Bb7 11. Qh3 dxe5 12. Nxe6 fxe6 13. Qxe6+ Be7 14. Bxb5 axb5 15. Nxb5 Qb6 16. Nd6+ Kd8 17. Bxf6 Bxf6 18. fxe5 Bxe5 19. Nxb7+ Qxb7 20. Qxe5 Rxa2 21. Rxd7+ Qxd7 22. Qb8+ Qc8 23. Rd1+ Ke7 24. Qd6+ Kf7 25. Rf1+ Ke8 26. Re1+ Kf7 27. Re7+ 1-0

[Event "FRA-chT2 0304a"]
[Site "France"]
[Date "2004.03.14"]
[Round "9.4"]
[White "Van der Laan, Dinard"]
[Black "Carmeille, Ludovic"]
[Result "0-1"]
[WhiteElo "2205"]
[BlackElo "2114"]
[PlyCount "72"]
[EventDate "2003.10.??"]
[EventType "team"]
[EventRounds "11"]
[EventCountry "FRA"]
[SourceTitle "EXT 2005"]
[Source "ChessBase"]
[SourceDate "2004.11.15"]
[SourceVersion "1"]
[SourceVersionDate "2004.11.15"]
[SourceQuality "1"]
[WhiteTeam "Grenoble"]
[BlackTeam "Toulouse"]
[WhiteTeamCountry "FRA"]
[BlackTeamCountry "FRA"]

1. e4 c5 2. Nf3 d6 3. d4 cxd4 4. Nxd4 Nf6 5. Nc3 a6 6. f4 e5 7. Nf3 Nbd7 8. a4 Be7 9. Bc4 Qc7 10. Qe2 exf4 11. Bxf4 Ne5 12. Bb3 0-0 13. 0-0 Nxf3+ 14. Qxf3 Be6 15. Kh1 Ne8 16. Bxe6 fxe6 17. Qh3 Rf6 18. Rae1 Rd8 19. Rf3 Qd7 20. Be3 Rxf3 21. Qxf3 Bf6 22. Rf1 Qe7 23. Bd2 Rc8 24. Qd3 Qc7 25. Qh3 Qd7 26. Qg4 Be5 27. Nd5 h5 28. Qh3 Rxc2 29. Bg5 Nf6 30. Bxf6 gxf6 31. Qd3 Rxb2 32. Nxf6+ Bxf6 33. Rxf6 Qg7 34. Qf1 Qxf6 35. Qc1 Rc2 36. Qd1 Qf2 0-1